00887nam a2200241 a 450000100100000000500170001000800410002704000250006808200200009310000590011324500710017226000610024330000250030449000210032950000280035065000300037865000270040865000320043583000280046704900090049595201240050499900170062800002489320200930023431.0110207s1986 ck r 000 p spa d aDO-SdBNPbspacBNPHU aCo861.44bM323a1 aMarel, Jorge,d1946-qJorge Hernández Gómez95109710aLas antiguas palabras /cJorge Hernández Gómez. (Jorge Marel). aBogotá, Colombia :bThomas de Quincey Editores,c1986. a81, [6] p. ;c20 cm.1 aNueva Literatura aIncluye datos del autor 4aPoesía colombiana93742 4aPoesía amorosa99227 4aLiteratura colombiana91244 0aNueva Literatura951098 aBNGR 001054708MOaGRbGRcCTd2011-02-07iLF1l0oCo861.44 M323ap24893-10r2020-06-25w2020-06-25y4ZPréstamo en sala c24386d24386